=LDR 00000nam 2200000 4500 =001 INLIS000000000810450 =005 20251210011008 =035 ##$$a 0010-1225000088 =007 ta =008 251210###########################0###### =082 ##$$a 297.145 =084 ##$$a 297.145 HAD e =245 ##$$a at-Ta’liqat al-hisan ala shahih ibnu hibban /$c Muhammad Nashiruddin al-albani =260 ##$:$b Daar Bawazir,$c 1424H/2003 M =300 ##$$a 509 hlm ; $c 24 cm =520 ##$$a Fikih Mazhab Syafi‘i